000
00394nam a22001697a 4500
003
MPLRDC
005
20220104124207.0
008
210129b ||||| |||| 00| 0 eng d
082
_a
880 GEJ-2
100
_a
高尔基著; 陆风译
245
_a
在底层
_c
250
_a
一版一刷
260
_a
_b
人民文学出版社
_c
1955
300
_b
平
650
_a
942
_c
BK
_o
880 GEJ-2
999
_c
17383
_d
17373